[Event "35th POL-ch"]
[Site "Krakow POL"]
[Date "1978.??.??"]
[Round "15"]
[White "Dobrzynski, Wojciech"]
[Black "Adamski, Andrzej"]
[Result "1-0"]
[WhiteElo "2315"]
[BlackElo "2365"]
[EventDate "1978.??.??"]
[PlyCount "65"]

1.c4 e5 2.Nc3 d6 3.Nf3 Bg4 4.d4 Nd7 5.g3 c6 6.Bg2 Be7 7.O-O h5 8.h3 Bf5 9.
e4 Bg6 10.Be3 h4 11.Nxh4 Bxh4 12.gxh4 Qxh4 13.f4 Ngf6 14.Qe1 Qxe1 15.Raxe1
Bh5 16.b3 a6 17.Na4 b5 18.Nb2 O-O 19.fxe5 dxe5 20.d5 Rfe8 21.Rf2 Bg6 22.
Bg5 Rab8 23.h4 bxc4 24.Nxc4 Nc5 25.Bxf6 Nd3 26.Bxe5 Nxe1 27.Bxb8 Nd3 28.
Bg3 Nxf2 29.Kxf2 f5 30.exf5 Bxf5 31.dxc6 Rf8 32.Ke3 Kf7 33.Nd6+ 1-0

[Event "35th POL-ch"]
[Site "Krakow POL"]
[Date "1978.??.??"]
[Round "15"]
[White "Lipski, Tadeusz"]
[Black "Swic, Waldemar"]
[Result "0-1"]
[WhiteElo "2310"]
[BlackElo "2275"]
[EventDate "1978.??.??"]
[PlyCount "96"]

1.e4 g6 2.d4 Bg7 3.Nc3 d6 4.Bg5 Nd7 5.Qd2 c6 6.d5 Ngf6 7.f4 a6 8.a4 Qb6 9.
Ra2 Qb4 10.Bd3 h6 11.Bh4 Nh5 12.Nce2 Qxd2+ 13.Kxd2 Ndf6 14.b3 e6 15.dxe6 
Bxe6 16.c4 Bd7 17.Nh3 O-O 18.Nf2 Rfe8 19.Rf1 Nh7 20.g4 N5f6 21.g5 Nh5 22.
Rg1 Be6 23.Ke1 hxg5 24.Bxg5 Nxg5 25.fxg5 Be5 26.Ng4 Kg7 27.Rf1 Re7 28.Kd1 
Rh8 29.Rd2 Bd7 30.Nxe5 Rxe5 31.Rg1 Be6 32.Rg4 f5 33.exf5 gxf5 34.Rg1 f4 
35.Nc3 Re3 36.Kc2 f3 37.Nd5 Bxd5 38.cxd5 Rf8 39.Rf2 Nf4 40.Bf1 Nxd5 41.Bc4
Nb4+ 42.Kd2 Re4 43.Rg3 d5 44.Bf1 Ref4 45.h4 Rxh4 46.Rgxf3 Rxf3 47.Rxf3 
Rh2+ 48.Ke3 Nc2+ 0-1

[Event "35th POL-ch"]
[Site "Krakow POL"]
[Date "1978.??.??"]
[Round "15"]
[White "Pinkas, Karol"]
[Black "Gralka, Julian"]
[Result "0-1"]
[WhiteElo "2360"]
[BlackElo "2330"]
[EventDate "1978.??.??"]
[PlyCount "82"]

1.e4 c5 2.Nf3 d6 3.d4 cxd4 4.Nxd4 Nf6 5.Nc3 a6 6.Be3 e5 7.Nb3 Be6 8.Be2 
Be7 9.Qd2 Nbd7 10.O-O-O b5 11.f3 Nb6 12.Na5 Qc7 13.g4 b4 14.Nb1 d5 15.Bxb6
Qxb6 16.exd5 Nxd5 17.Nc4 Qc7 18.h4 Rc8 19.Bd3 O-O 20.Qe1 Nf4 21.b3 a5 22.
Rd2 a4 23.Qxe5 Qxe5 24.Nxe5 axb3 25.axb3 Bxb3 26.Bf5 Be6 27.Bxe6 fxe6 28.
g5 Nd5 29.Rd3 Rf4 30.Ng4 Rfc4 31.Rh2 Bd6 32.Rhd2 Bf4 33.Kb2 Bxd2 34.Rxd2 
Nc3 35.h5 R4c5 36.Rd7 Nxb1 37.h6 Rxg5 38.Kxb1 Rf8 39.hxg7 Rxg7 40.Nh6+ Kh8
41.Rd4 Rb7 0-1

[Event "35th POL-ch"]
[Site "Krakow POL"]
[Date "1978.??.??"]
[Round "15"]
[White "Pytel, Krzysztof"]
[Black "Adamski, Jan"]
[Result "1/2-1/2"]
[WhiteElo "2390"]
[BlackElo "2470"]
[EventDate "1978.??.??"]
[PlyCount "84"]

1.c4 c5 2.Nc3 Nf6 3.Nf3 d5 4.cxd5 Nxd5 5.e3 Nxc3 6.bxc3 g6 7.Bc4 Bg7 8.O-O
O-O 9.d4 Qc7 10.Qe2 Nc6 11.Ba3 b6 12.Rac1 Bb7 13.Rfd1 Na5 14.Bd3 Rfd8 15.
h4 h6 16.e4 e6 17.Qe3 Rac8 18.Bb2 Qe7 19.a3 Bc6 20.h5 g5 21.Nd2 Qd7 22.e5 
Ba4 23.Rf1 cxd4 24.cxd4 Rxc1 25.Rxc1 Nc6 26.Nf3 g4 27.Nh2 Nxe5 28.Be2 Nc6 
29.Nxg4 Nxd4 30.Nxh6+ Kf8 31.Ng4 Nf3+ 32.Bxf3 Bxb2 33.Rc4 Bd1 34.h6 Bxf3 
35.gxf3 Qd1+ 36.Kg2 Qd2 37.Qxd2 Rxd2 38.Rc8+ Ke7 39.h7 Rd8 40.Rc7+ Rd7 41.
Rc8 Rd8 42.Rc7+ Rd7 1/2-1/2

[Event "35th POL-ch"]
[Site "Krakow POL"]
[Date "1978.??.??"]
[Round "15"]
[White "Skrobek, Ryszard"]
[Black "Doda, Zbigniew"]
[Result "1-0"]
[WhiteElo "2460"]
[BlackElo "2405"]
[EventDate "1978.??.??"]
[PlyCount "99"]

1.e4 Nf6 2.Nc3 d5 3.e5 Nfd7 4.Nxd5 Nxe5 5.Ne3 c5 6.b3 Nbc6 7.Bb2 e6 8.f4 
Ng6 9.g3 Nd4 10.Nf3 Be7 11.Ng4 O-O 12.Bd3 f5 13.Nge5 Nxe5 14.fxe5 Qd5 15.
Rf1 Nxf3+ 16.Rxf3 b6 17.Qe2 Bb7 18.Rf1 Qg2 19.Rf2 Qg1+ 20.Rf1 Qg2 21.Rf2 
Qh3 22.O-O-O Bd5 23.Kb1 Qg4 24.Qxg4 fxg4 25.Rdf1 g6 26.Rxf8+ Rxf8 27.Rxf8+
Bxf8 28.Kc1 Bf3 29.Bc3 Kf7 30.Bb5 h5 31.a4 h4 32.a5 h3 33.axb6 axb6 34.Bf1
Bh6 35.b4 Bg2 36.Be2 Bf3 37.Bxf3 gxf3 38.Kd1 Bf8 39.b5 Kg7 40.Ke1 Kh6 41.
Kf2 Kh5 42.Kxf3 Be7 43.g4+ Kh4 44.d4 c4 45.Be1+ Kg5 46.Kg3 Kh6 47.Bd2+ Bg5
48.Bf4 Bxf4+ 49.Kxf4 c3 50.Kf3 1-0

[Event "35th POL-ch"]
[Site "Krakow POL"]
[Date "1978.??.??"]
[Round "15"]
[White "Sydor, Andrzej"]
[Black "Kruszynski, Wlodzimierz"]
[Result "1/2-1/2"]
[WhiteElo "2395"]
[BlackElo "2265"]
[EventDate "1978.??.??"]
[PlyCount "35"]

1.d4 Nf6 2.c4 e6 3.Nf3 b6 4.g3 Bb7 5.Bg2 Be7 6.O-O O-O 7.Nc3 Ne4 8.Qc2 
Nxc3 9.Qxc3 c5 10.Rd1 d6 11.Bf4 Nd7 12.dxc5 Nxc5 13.Ne1 Bxg2 14.Nxg2 Qc7 
15.b4 Ne4 16.Qd3 Qc6 17.Rac1 Rfd8 18.f3 1/2-1/2

[Event "35th POL-ch"]
[Site "Krakow POL"]
[Date "1978.??.??"]
[Round "15"]
[White "Sznapik, Aleksander"]
[Black "Pokojowczyk, Jerzy"]
[Result "1/2-1/2"]
[WhiteElo "2430"]
[BlackElo "2385"]
[EventDate "1978.??.??"]
[PlyCount "55"]

1.e4 c5 2.Nf3 d6 3.Nc3 a6 4.d4 cxd4 5.Nxd4 Nf6 6.Be2 e5 7.Nb3 Be7 8.O-O 
Be6 9.a4 O-O 10.f4 Qc7 11.Kh1 Nbd7 12.Be3 exf4 13.Rxf4 Ne5 14.a5 Rae8 15.
Nd4 Qc8 16.Nf5 Bxf5 17.exf5 Bd8 18.Bd4 Nc6 19.Bf3 Nxd4 20.Rxd4 Qxf5 21.
Bxb7 Bxa5 22.Bxa6 Bxc3 23.bxc3 Ne4 24.Qf3 Qe5 25.Rad1 Re6 26.Rd5 Qxc3 27.
Bd3 Qb4 28.Bxe4 1/2-1/2

[Event "35th POL-ch"]
[Site "Krakow POL"]
[Date "1978.??.??"]
[Round "15"]
[White "Witkowski, Stefan"]
[Black "Kuligowski, Adam"]
[Result "1/2-1/2"]
[WhiteElo "2365"]
[BlackElo "2310"]
[EventDate "1978.??.??"]
[PlyCount "28"]

1.d4 Nf6 2.c4 e6 3.Nf3 b6 4.g3 Bb4+ 5.Bd2 Bxd2+ 6.Nbxd2 Bb7 7.Qc2 c5 8.
dxc5 bxc5 9.Bg2 O-O 10.O-O Nc6 11.Rfd1 Rb8 12.b3 a5 13.Ne4 Nxe4 14.Qxe4 
Nd4 1/2-1/2

[Event "35th POL-ch"]
[Site "Krakow POL"]
[Date "1978.??.??"]
[Round "16"]
[White "Adamski, Andrzej"]
[Black "Gralka, Julian"]
[Result "1-0"]
[WhiteElo "2365"]
[BlackElo "2330"]
[EventDate "1978.??.??"]
[PlyCount "87"]

1.e4 c5 2.c3 Nf6 3.e5 Nd5 4.d4 cxd4 5.cxd4 d6 6.Nf3 Nc6 7.Bc4 e6 8.O-O Be7
9.Qe2 O-O 10.Nc3 Nxc3 11.bxc3 dxe5 12.dxe5 b6 13.Qe4 Qc7 14.Bd3 g6 15.Bh6 
Rd8 16.Rad1 Bb7 17.Qf4 Rd5 18.Be4 Rc5 19.Ng5 Bxg5 20.Qxg5 Qxe5 21.Qxe5 
Rxe5 22.f3 Na5 23.Rd7 Bxe4 24.fxe4 Rh5 25.Bc1 f5 26.e5 Nc4 27.Rfd1 Nxe5 
28.Re7 Rh4 29.Bg5 Re4 30.h3 Nf7 31.Bf6 a5 32.Rb1 Rb8 33.Rxb6 Rf8 34.Rbb7 
h6 35.Red7 Rc4 36.Ra7 a4 37.Rdb7 f4 38.Be7 Rfc8 39.Bb4 Rxb4 40.cxb4 Ne5 
41.b5 f3 42.gxf3 Nxf3+ 43.Kf2 Ne5 44.b6 1-0

[Event "35th POL-ch"]
[Site "Krakow POL"]
[Date "1978.??.??"]
[Round "16"]
[White "Adamski, Jan"]
[Black "Lipski, Tadeusz"]
[Result "1/2-1/2"]
[WhiteElo "2470"]
[BlackElo "2310"]
[EventDate "1978.??.??"]
[PlyCount "72"]

1.c4 Nf6 2.Nf3 g6 3.b3 Bg7 4.Bb2 O-O 5.g3 c6 6.Bg2 d5 7.O-O a5 8.Nc3 Na6 
9.d4 Bf5 10.Ne5 Nb4 11.a3 Na6 12.Rc1 Qd6 13.Qd2 h5 14.Rfd1 Kh7 15.e3 Nc7 
16.h3 Bh6 17.Qe2 Be6 18.Na4 Nce8 19.Nb6 Ra6 20.b4 Qd8 21.Na4 axb4 22.Nc5 
bxa3 23.Nxe6 fxe6 24.Qd3 Rg8 25.Bxa3 Nd6 26.Ra1 Nd7 27.cxd5 exd5 28.Nxc6 
Rxc6 29.Bxd5 Rf8 30.Bxc6 bxc6 31.Rdc1 Nf6 32.Bxd6 Qxd6 33.Ra6 Qe6 34.Rcxc6
Qxh3 35.Rc7 Rf7 36.Qc4 Rg7 1/2-1/2

[Event "35th POL-ch"]
[Site "Krakow POL"]
[Date "1978.??.??"]
[Round "16"]
[White "Dobrzynski, Wojciech"]
[Black "Sydor, Andrzej"]
[Result "1/2-1/2"]
[WhiteElo "2315"]
[BlackElo "2395"]
[EventDate "1978.??.??"]
[PlyCount "31"]

1.e4 e5 2.Nf3 Nc6 3.Bb5 a6 4.Bxc6 dxc6 5.O-O f6 6.d4 Bg4 7.dxe5 Qxd1 8.
Rxd1 fxe5 9.Rd3 Bxf3 10.Rxf3 Nf6 11.Nc3 Bb4 12.Bg5 Bxc3 13.Rxc3 Nxe4 14.
Re3 Nxg5 15.Rxe5+ Kf7 16.Rxg5 1/2-1/2

[Event "35th POL-ch"]
[Site "Krakow POL"]
[Date "1978.??.??"]
[Round "16"]
[White "Doda, Zbigniew"]
[Black "Pytel, Krzysztof"]
[Result "1/2-1/2"]
[WhiteElo "2405"]
[BlackElo "2390"]
[EventDate "1978.??.??"]
[PlyCount "30"]

1.Nf3 d5 2.g3 c6 3.Bg2 Nf6 4.b3 Bg4 5.Bb2 e6 6.O-O Be7 7.d3 O-O 8.c4 a5 9.
a3 Re8 10.Nbd2 c5 11.Ne5 Bh5 12.h3 Nfd7 13.Nxd7 Qxd7 14.Nf3 Nc6 15.Ne5 
Nxe5 1/2-1/2

[Event "35th POL-ch"]
[Site "Krakow POL"]
[Date "1978.??.??"]
[Round "16"]
[White "Kruszynski, Wlodzimierz"]
[Black "Sznapik, Aleksander"]
[Result "1-0"]
[WhiteElo "2265"]
[BlackElo "2430"]
[EventDate "1978.??.??"]
[PlyCount "81"]

1.e4 g6 2.d4 Bg7 3.Nc3 d6 4.Nf3 Nf6 5.Be2 O-O 6.O-O c6 7.a4 Nbd7 8.Bf4 Nh5
9.Bg5 h6 10.Be3 e5 11.Qd2 Kh7 12.Rad1 Qe7 13.h3 f5 14.dxe5 dxe5 15.Qd6 Qe8
16.Bc4 Nb6 17.Bb3 fxe4 18.Nxe4 Nf4 19.Bxf4 Rxf4 20.a5 Rxe4 21.axb6 axb6 
22.Qc7 Bf5 23.Qxb7 Rb8 24.Qc7 Rc8 25.Qxb6 c5 26.Nd2 Rb4 27.Qa6 Qe7 28.Nc4 
Qg5 29.Kh1 Qh4 30.Kg1 Rf8 31.Ne3 Bc8 32.Qc6 Rbf4 33.Rd2 e4 34.Qxc5 g5 35.
Bd5 Kh8 36.Qe7 Qh5 37.b4 Bxh3 38.gxh3 Qxh3 39.Be6 Qf3 40.Rd8 Rxd8 41.Qxd8+
1-0

[Event "35th POL-ch"]
[Site "Krakow POL"]
[Date "1978.??.??"]
[Round "16"]
[White "Kuligowski, Adam"]
[Black "Skrobek, Ryszard"]
[Result "1-0"]
[WhiteElo "2310"]
[BlackElo "2460"]
[EventDate "1978.??.??"]
[PlyCount "43"]

1.Nf3 d5 2.c4 d4 3.g3 c5 4.d3 Nc6 5.Bg2 e5 6.O-O Bd6 7.e3 Nge7 8.exd4 cxd4
9.b3 O-O 10.Ba3 h6 11.Bxd6 Qxd6 12.a3 a5 13.Nbd2 f5 14.Qc2 Qc5 15.Qb2 Ng6 
16.Rfe1 Rb8 17.Rab1 b6 18.b4 axb4 19.axb4 Qd6 20.b5 Na5 21.h4 h5 22.Qc2 
    {(45; b:Kg1,Re1,Rc6,Qc1,Nf7,p;d3,g3,h4 
    cz;Kh5,Rb2,Rf8,Qb7,Bg6,p;g5,e5,d4)}
1-0

[Event "35th POL-ch"]
[Site "Krakow POL"]
[Date "1978.??.??"]
[Round "16"]
[White "Pokojowczyk, Jerzy"]
[Black "Bielczyk, Jacek"]
[Result "1/2-1/2"]
[WhiteElo "2385"]
[BlackElo "2380"]
[EventDate "1978.??.??"]
[PlyCount "53"]

1.e4 c5 2.Nf3 Nc6 3.d4 cxd4 4.Nxd4 Nf6 5.Nc3 d6 6.Bg5 Qb6 7.Nb3 a6 8.Bd3 
e6 9.O-O Be7 10.Qe2 O-O 11.Rae1 Qc7 12.f4 h6 13.Bh4 Nb4 14.e5 Ne8 15.Bxe7 
Qxe7 16.Bc4 a5 17.a3 Nc6 18.Bd3 Bd7 19.Kh1 Rd8 20.Rf3 Kh8 21.Qe3 Bc8 22.
Rh3 dxe5 23.fxe5 f5 24.exf6 Nxf6 25.Rf3 Ng4 26.Qe4 Rxd3 27.Qxd3 1/2-1/2

[Event "35th POL-ch"]
[Site "Krakow POL"]
[Date "1978.??.??"]
[Round "16"]
[White "Schmidt, Wlodzimierz"]
[Black "Witkowski, Stefan"]
[Result "1-0"]
[WhiteElo "2505"]
[BlackElo "2365"]
[EventDate "1978.??.??"]
[PlyCount "70"]

1.Nf3 Nf6 2.c4 c5 3.Nc3 d5 4.cxd5 Nxd5 5.g3 Nc6 6.Bg2 Nc7 7.Qa4 Bd7 8.Qe4 
g6 9.Ne5 Bg7 10.Nxd7 Qxd7 11.O-O O-O 12.a3 Na6 13.Rb1 Rab8 14.b4 cxb4 15.
axb4 Nd4 16.e3 Nf5 17.d4 Rfc8 18.Qd3 b5 19.Bd2 Rc4 20.Ne4 e5 21.Qa3 Rb6 
22.Nc5 Qd6 23.d5 Nxc5 24.bxc5 Qxc5 25.Qxa7 Ra4 26.Ba5 Rc6 27.Qd7 Ra6 28.
Rxb5 Qd6 29.Qc8+ Bf8 30.Bb4 Ne7 31.Bxd6 Nxc8 32.Bxe5 Bg7 33.d6 Nxd6 34.
Rb8+ Bf8 35.Rc1 Rc4 1-0

[Event "35th POL-ch"]
[Site "Krakow POL"]
[Date "1978.??.??"]
[Round "16"]
[White "Swic, Waldemar"]
[Black "Pinkas, Karol"]
[Result "1-0"]
[WhiteElo "2275"]
[BlackElo "2360"]
[EventDate "1978.??.??"]
[PlyCount "107"]

1.e4 e6 2.d4 d5 3.Nd2 Nf6 4.e5 Nfd7 5.f4 c5 6.c3 Nc6 7.Ndf3 Qa5 8.Be3 f6 
9.Ne2 Be7 10.g3 O-O 11.Bh3 Nb6 12.O-O Nc4 13.Bc1 cxd4 14.cxd4 fxe5 15.fxe5
Qb6 16.Qb3 Qxb3 17.axb3 N4a5 18.Be3 Nxb3 19.Rad1 a5 20.Nf4 Nb4 21.Bxe6+ 
Bxe6 22.Nxe6 Rfc8 23.Bg5 Bxg5 24.Nfxg5 h6 25.Nf7 Rc2 26.Nd6 Kh8 27.Rf7 Rg8
28.Nf5 Rxb2 29.Ne7 Nd2 30.Nxg8 Kxg8 31.Rxg7+ Kh8 32.Rf7 a4 33.Rf2 a3 34.
Rfxd2 Rxd2 35.Rxd2 a2 36.Rd1 Nc2 37.Nc7 Kg7 38.Nxd5 a1=Q 39.Rxa1 Nxa1 40.
Nb4 Nb3 41.d5 Nd2 42.Kf2 Nc4 43.Nd3 b5 44.d6 Kf7 45.d7 Ke7 46.e6 Na5 47.
Nb4 Nb7 48.Nc6+ Kxe6 49.d8=Q Nxd8 50.Nxd8+ Kd5 51.Ke3 h5 52.Nb7 b4 53.Na5 
Ke5 54.Nc6+ 1-0

[Event "35th POL-ch"]
[Site "Krakow POL"]
[Date "1978.??.??"]
[Round "17"]
[White "Bielczyk, Jacek"]
[Black "Kruszynski, Wlodzimierz"]
[Result "1-0"]
[WhiteElo "2380"]
[BlackElo "2265"]
[EventDate "1978.??.??"]
[PlyCount "97"]

1.e4 c5 2.Nf3 e6 3.d4 cxd4 4.Nxd4 Nc6 5.Nc3 a6 6.Be2 Qc7 7.O-O Nf6 8.Kh1 
Bb4 9.Bg5 Qd6 10.Nxc6 Qxd1 11.Nxd1 dxc6 12.e5 Nd7 13.f4 Be7 14.Bxe7 Kxe7 
15.Nf2 Rd8 16.Rad1 Nc5 17.b4 Rxd1 18.Rxd1 Na4 19.Ne4 Rb8 20.a3 b6 21.Bf3 
Bb7 22.Nd6 Ba8 23.Kg1 c5 24.Bxa8 Rxa8 25.Rb1 Nc3 26.Rb3 cxb4 27.axb4 Nb5 
28.Nxb5 axb5 29.Rc3 Ra4 30.Rc7+ Ke8 31.c3 h5 32.Kf2 g6 33.Kg3 Kf8 34.h3 
Ra2 35.Rc6 Ra3 36.Kh4 Ra6 37.g4 hxg4 38.hxg4 Kg7 39.Kg5 Ra3 40.Rxb6 Rxc3 
41.Rxb5 Rc1 42.Rb7 Rb1 43.b5 Rb2 44.f5 gxf5 45.gxf5 Rg2+ 46.Kh4 Kg8 47.
fxe6 fxe6 48.b6 Ra2 49.Rc7 1-0

[Event "35th POL-ch"]
[Site "Krakow POL"]
[Date "1978.??.??"]
[Round "17"]
[White "Gralka, Julian"]
[Black "Swic, Waldemar"]
[Result "1/2-1/2"]
[WhiteElo "2330"]
[BlackElo "2275"]
[EventDate "1978.??.??"]
[PlyCount "57"]

1.d4 Nf6 2.c4 g6 3.Nc3 d5 4.cxd5 Nxd5 5.e4 Nxc3 6.bxc3 Bg7 7.Bc4 c5 8.Ne2 
Nc6 9.Be3 O-O 10.O-O cxd4 11.cxd4 Bg4 12.f3 Na5 13.Bd3 Be6 14.d5 Bxa1 15.
Qxa1 f6 16.Rb1 Bd7 17.Bh6 Rf7 18.e5 fxe5 19.Qxe5 Qb8 20.Qxb8+ Rxb8 21.Bd2 
Bf5 22.Bxf5 Rxf5 23.Bxa5 Rxd5 24.Bc3 b6 25.Rb4 Rc8 26.Re4 Kf7 27.Rh4 Kg8 
28.Re4 Kf7 29.Rh4 1/2-1/2

[Event "35th POL-ch"]
[Site "Krakow POL"]
[Date "1978.??.??"]
[Round "17"]
[White "Lipski, Tadeusz"]
[Black "Doda, Zbigniew"]
[Result "1-0"]
[WhiteElo "2310"]
[BlackElo "2405"]
[EventDate "1978.??.??"]
[PlyCount "71"]

1.e4 Nf6 2.Nc3 d5 3.e5 Nfd7 4.e6 fxe6 5.d4 c5 6.dxc5 Nc6 7.Be3 a6 8.f4 g6 
9.Nf3 Bg7 10.Nd4 Nf6 11.Be2 O-O 12.O-O Qc7 13.Na4 Rb8 14.c3 Bd7 15.Nb6 Nd8
16.b4 Be8 17.Rc1 Bf7 18.a4 Ne4 19.Qe1 e5 20.fxe5 Bxe5 21.Nf3 Bg7 22.Bd3 
Nc6 23.Bxe4 dxe4 24.Ng5 h6 25.Nxe4 Be6 26.Qh4 Qe5 27.Rfe1 Qh5 28.Qxh5 gxh5
29.Ng3 Ne5 30.Nxh5 Nd3 31.Nxg7 Kxg7 32.Bxh6+ Kxh6 33.Rxe6+ Kg5 34.Rd1 Nf4 
35.Re5+ Rf5 36.Rxe7 1-0

[Event "35th POL-ch"]
[Site "Krakow POL"]
[Date "1978.??.??"]
[Round "17"]
[White "Pinkas, Karol"]
[Black "Adamski, Jan"]
[Result "1/2-1/2"]
[WhiteElo "2360"]
[BlackElo "2470"]
[EventDate "1978.??.??"]
[PlyCount "102"]

1.e4 c5 2.Nf3 d6 3.d4 cxd4 4.Nxd4 Nf6 5.Nc3 a6 6.Bg5 e6 7.f4 Be7 8.Qf3 Qc7
9.O-O-O h6 10.Bh4 Nbd7 11.Bd3 g5 12.fxg5 Ne5 13.Qe2 Nfg4 14.Kb1 hxg5 15.
Bg3 Bd7 16.Qd2 O-O-O 17.Be2 Nc4 18.Bxc4 Qxc4 19.Nf5 exf5 20.Nd5 Kb8 21.
Nxe7 f4 22.Qxd6+ Qc7 23.Qxc7+ Kxc7 24.Nd5+ Kb8 25.Be1 Be6 26.Bc3 Nf2 27.
Be5+ Ka8 28.Nc7+ Ka7 29.Rxd8 Rxd8 30.Nxe6 fxe6 31.Re1 Ng4 32.Bc3 Nxh2 33.
Bf6 Rg8 34.Rh1 Ng4 35.Bd4+ Ka8 36.e5 Kb8 37.Kc1 Kc7 38.Kd2 Rd8 39.Kc3 Kc6 
40.Rh5 Rg8 41.Kd3 Rg6 42.Rh8 Nh6 43.Ke4 Nf5 44.c4 g4 45.Bf2 g3 46.Bg1 Rg4 
47.Kf3 Rh4 48.Rxh4 Nxh4+ 49.Kxf4 Nxg2+ 50.Kxg3 Ne1 51.a4 Nd3 1/2-1/2

[Event "35th POL-ch"]
[Site "Krakow POL"]
[Date "1978.??.??"]
[Round "17"]
[White "Pytel, Krzysztof"]
[Black "Kuligowski, Adam"]
[Result "1/2-1/2"]
[WhiteElo "2390"]
[BlackElo "2310"]
[EventDate "1978.??.??"]
[PlyCount "130"]

1.e4 e5 2.Nf3 Nf6 3.d4 Nxe4 4.Nxe5 d6 5.Nf3 d5 6.Bd3 Be7 7.O-O O-O 8.Re1 
Nd6 9.Bf4 Bg4 10.h3 Bh5 11.c3 Nd7 12.Nbd2 Bg6 13.Bxg6 hxg6 14.Qb3 Nb6 15.
Re2 Bf6 16.Rae1 Re8 17.Be5 Qd7 18.Qc2 Re6 19.Nb3 Re7 20.Nc5 Qc6 21.Bxd6 
Rxe2 22.Qxe2 cxd6 23.Nd3 a5 24.g4 Rf8 25.Kg2 Qa4 26.a3 Qc6 27.Kg3 Na8 28.
g5 Bd8 29.Nf4 Nc7 30.Qc2 Re8 31.Rxe8+ Qxe8 32.h4 b5 33.Qe2 Qxe2 34.Nxe2 
Na8 35.Nf4 Nb6 36.Nd2 Kf8 37.Nf1 Nc4 38.Nd3 Ke7 39.Ne3 Nxe3 40.fxe3 Kd7 
41.Nf4 Kc6 42.Nd3 Bb6 43.b3 Bc7 44.Kf3 Bd8 45.Nb2 a4 46.b4 Bc7 47.Nd1 Bd8 
48.Kg4 Be7 49.Nf2 Bd8 50.Nh1 Be7 51.Ng3 Kd7 52.Kf4 Ke6 53.Kf3 Bd8 54.Ne2 
Kd7 55.e4 Kc6 56.Ng3 dxe4+ 57.Kxe4 Bc7 58.d5+ Kb7 59.Ne2 Bb6 60.Nd4 Bxd4 
61.Kxd4 Kc7 62.Ke4 Kd7 63.Ke3 Kd8 64.Kf3 Kd7 65.Kg4 Ke7 1/2-1/2

[Event "35th POL-ch"]
[Site "Krakow POL"]
[Date "1978.??.??"]
[Round "17"]
[White "Skrobek, Ryszard"]
[Black "Schmidt, Wlodzimierz"]
[Result "1-0"]
[WhiteElo "2460"]
[BlackElo "2505"]
[EventDate "1978.??.??"]
[PlyCount "75"]

1.e4 c5 2.Nf3 d6 3.d4 Nf6 4.Nc3 cxd4 5.Nxd4 a6 6.Bc4 e6 7.Bb3 b5 8.O-O Be7
9.f4 O-O 10.a3 Bb7 11.f5 e5 12.Nde2 Nbd7 13.Ng3 Rc8 14.Bg5 Nb6 15.Nh5 Nc4 
16.Bxf6 Bxf6 17.Bxc4 Rxc4 18.Qg4 Kh8 19.Rad1 d5 20.Nxf6 gxf6 21.Qh5 Qb6+ 
22.Kh1 dxe4 23.Rd7 e3 24.Qh6 Kg8 25.Rxb7 Qxb7 26.Rf3 Rg4 27.Qxf6 Re8 28.
Qh6 Rd8 29.Qxe3 f6 30.h3 Rgd4 31.Ne2 Rd1+ 32.Kh2 Re1 33.Qh6 Qf7 34.Ng3 Qg7
35.Qh4 Qg5 36.Qb4 Qd2 37.Qb3+ Qd5 $4 
    ( 37...Kh8 $17 )
38.Rd3 1-0

[Event "35th POL-ch"]
[Site "Krakow POL"]
[Date "1978.??.??"]
[Round "17"]
[White "Sydor, Andrzej"]
[Black "Adamski, Andrzej"]
[Result "1/2-1/2"]
[WhiteElo "2395"]
[BlackElo "2365"]
[EventDate "1978.??.??"]
[PlyCount "36"]

1.e4 e5 2.Nf3 Nc6 3.Nc3 Nf6 4.Bb5 Bb4 5.O-O O-O 6.d3 Bxc3 7.bxc3 d6 8.Bxc6
bxc6 9.h3 h6 10.Be3 Be6 11.c4 Nd7 12.Nd2 c5 13.f4 f5 14.Qe2 Qe7 15.fxe5 
Nxe5 16.exf5 Bxf5 17.Bf4 Ng6 18.Qxe7 Nxe7 1/2-1/2

[Event "35th POL-ch"]
[Site "Krakow POL"]
[Date "1978.??.??"]
[Round "17"]
[White "Sznapik, Aleksander"]
[Black "Dobrzynski, Wojciech"]
[Result "1-0"]
[WhiteElo "2430"]
[BlackElo "2315"]
[EventDate "1978.??.??"]
[PlyCount "49"]

1.e4 e5 2.Nf3 Nc6 3.Bb5 a6 4.Ba4 Nf6 5.O-O Be7 6.Re1 b5 7.Bb3 d6 8.c3 O-O 
9.h3 Nd7 10.d4 Nb6 11.Nbd2 exd4 12.cxd4 d5 13.e5 Bf5 14.Nf1 Nb4 15.g4 Bg6 
16.Ng3 Nd3 17.Re2 Nc4 18.Nf5 Nxc1 19.Rxc1 h5 20.Qf1 Qd7 21.Bc2 Nxb2 22.e6 
fxe6 23.Ne5 Qe8 24.Nxe7+ Qxe7 25.Nxg6 1-0

[Event "35th POL-ch"]
[Site "Krakow POL"]
[Date "1978.??.??"]
[Round "17"]
[White "Witkowski, Stefan"]
[Black "Pokojowczyk, Jerzy"]
[Result "1/2-1/2"]
[WhiteElo "2365"]
[BlackElo "2385"]
[EventDate "1978.??.??"]
[PlyCount "69"]

1.d4 Nf6 2.c4 g6 3.Nc3 Bg7 4.e4 d6 5.f4 c5 6.d5 O-O 7.Nf3 b5 8.cxb5 a6 9.
a4 axb5 10.Bxb5 Na6 11.e5 Nd7 12.O-O Nb4 13.Ra3 Nb6 14.a5 Nd7 15.Qe2 Nb8 
16.Bc4 Rxa5 17.Rd1 Ba6 18.Bxa6 Rxa6 19.Be3 h6 20.h3 Qc8 21.Bf2 Qf5 22.Bh4 
f6 23.Rxa6 N8xa6 24.exd6 exd6 25.Qe6+ Qxe6 26.dxe6 Re8 27.Rxd6 Nc7 28.Ne4 
Rxe6 29.Rd8+ Kh7 30.Nxc5 Re8 31.Nd3 Ne6 32.Rd7 Nxd3 33.Rxd3 Nxf4 34.Rd2 
Rb8 35.Bg3 1/2-1/2